Corona fúnebre en homenaje a la memoria del Rmo. Padre Fr. Pedro Armengol Valenzuela: General de la Orden Mercedaria y su restaurador en Europa. Obispo de San Carlos de Ancud y Arzobispo Titular de Gangra
Salvato in:
| Autore principale: | |
|---|---|
| Natura: | Libro |
| Lingua: | spagnolo |
| Pubblicazione: |
Santiago
Imprenta y litografía La Ilustración
1923
|
| Edizione: | 1a. ed |
| Soggetti: | |
| Tags: |
Aggiungi Tag
Nessun Tag, puoi essere il primo ad aggiungerne!!
|
MARC
| LEADER | 00000nam a2200000 a 4500 | ||
|---|---|---|---|
| 001 | UCJ4234 | ||
| 003 | CL-VaPUC | ||
| 008 | 070124e19230000CL |||||||||||||||||spa|d | ||
| 082 | 0 | 4 | |a 922 |b VAL |2 21 |
| 100 | 0 | |a Romero, Ramón |e author |9 507493 | |
| 245 | 1 | 0 | |a Corona fúnebre en homenaje a la memoria del Rmo. Padre Fr. Pedro Armengol Valenzuela: General de la Orden Mercedaria y su restaurador en Europa. Obispo de San Carlos de Ancud y Arzobispo Titular de Gangra |
| 250 | |a 1a. ed | ||
| 300 | |a 295 p | ||
| 942 | |c BK | ||
| 945 | |d 20070124 00:00:00 |a rinostro | ||
| 260 | |a Santiago |b Imprenta y litografía La Ilustración |c 1923 | ||
| 500 | |a Recorte de periódico adherido en cubierta posterior | ||
| 600 | 0 | 7 | |a VALENZUELA, PEDRO ARMENGOL |2 CL-VaPUC |9 507494 |
| 650 | 7 | |a BIOGRAFIA |2 CL-VaPUC |9 504622 | |
| 650 | 7 | |a PASTORAL |2 CL-VaPUC |9 397996 | |
| 650 | 0 | |a Órdenes religiosas |9 257499 | |
| 650 | 7 | |a MERCEDARIOS |2 CL-VaPUC |9 504201 | |
| 650 | 0 | |a Iconografía |9 267998 | |
| 651 | 0 | |a Chiloé |9 265209 | |
| 583 | |a last modification |c 20070124 00:00:00 |k Rodrigo Vera | ||
| 999 | |c 320351 |d 320349 | ||
| 952 | |0 0 |1 0 |4 0 |6 922_000000000000000_VAL_1923 |7 0 |8 X |9 398858 |a FDOBUD |b FDOBUD |d 2019-11-22 |i 1015427 |o 922 VAL 1923 |p 1015427 |r 2019-11-22 |w 2019-11-22 |y BK_X |k BUD | ||